Biblioteka Instytutu Północnego w Olsztynie

Urząd Bezpieczeństwa w Dębicy w latach 1944-1956 / (Rekord nr 27900)

Szczegóły MARC
000 -Nagłówek
fixed length control field 02429cam a2200553 i 4500
001 - Nr kontrolny bibl., która utworzyła rek.
control field xx004990552
003 - Siglum bibl., której nr kontr. jest w 001
control field NUKAT
005 - Data i czas ostatniej operacji
control field 20260430123913.0
008 - Elementy pola stałej długości
fixed length control field 201106s2020 pl a g |001 0dpol c
020 ## - ISBN
ISBN 9788380989535
dopowiedzenie (oprawa twarda) :
warunki dostępności zł 50,00
035 ## - Systemowy numer kontrolny
systemowy numer kontrolny (OCoLC)1241602086
035 ## - Systemowy numer kontrolny
systemowy numer kontrolny (NUKAT)xx004990552
040 ## - Instytucja sporządzająca opis
Instytucja, która sporządziła opis KAT U/MP
język katalgowania-trzyzn. kod pol
zasady opisu rda
Instytucja, która sporządziła rekord KAT U/MPs
Instytucja, która zmodyfikowała rekord KAT U/MP
-- POZN U/EMs
-- WA M/HB
-- WA 14/ABs
-- OLSZT 008/bak
045 2# - Okres czasu dla zawartości
czas między r. 9999 pne a nasz. czas. d1944
-- d1956
046 ## - Kod rodz. daty, data1, data2 (daty pne)
Begin/single date 2020
100 1# - Hasło główne-nazwa osobowa
Nazwa osobowa Szczygieł, Rafał.
rodzaj współpracy Autor
9 (RLIN) 41010
245 10 - Tytuł właściwy i oznaczenie odpow.
tytuł Urząd Bezpieczeństwa w Dębicy w latach 1944-1956 /
dod. inf. ze s. tyt./ozn. odpow. Rafał Szczygieł.
250 ## - Oznaczenie wydania
oznaczenie wydania Wydanie pierwsze.
260 ## - Adres wydawniczy
miejsce wydania, dystrybucji itp. Rzeszów ;
-- Warszawa :
nazwa wydawcy, dystrybutora itp. Instytut Pamięci Narodowej. Komisja Ścigania Zbrodni przeciwko Narodowi Polskiemu. Oddział w Rzeszowie,
data wydania, dystrybucji itp. 2020.
300 ## - Opis fizyczny
objętość i/lub forma materiału 511, [1] strona, [16] stron tablic :
inne szczegóły opisu fizycznego ilustracje ;
format 24 cm.
336 ## - Content Type
Term Tekst
Code txt
Source rdacontent
337 ## - Media Type
Term Bez urządzenia pośredniczącego
Code n
Source rdamedia
338 ## - Carrier Type
Term Wolumin
Code nc
Source rdacarrier
380 ## - Form of work
Form of work Książki
380 ## - Form of work
Form of work Publikacje naukowe
388 1# - TIME PERIOD OF CREATION
Time period of creation term 2001-
504 ## - Uwaga o bibliografii
uwaga o bibliografii Bibliogrfia na stronach 447-474. Indeksy.
610 27 - Hasło przedmiotowe-nazwa ciała zbior.
nazwa ciała zbior. lub geogr. Powiatowy Urząd Bezpieczeństwa Publicznego (Dębica)
źródło hasła DBN
9 (RLIN) 41011
610 17 - Hasło przedmiotowe-nazwa ciała zbior.
nazwa ciała zbior. lub geogr. Polska.
nazwa jednostki podrzędnej Urząd Bezpieczeństwa.
źródło hasła kaba
9 (RLIN) 41012
610 17 - Hasło przedmiotowe-nazwa ciała zbior.
nazwa ciała zbior. lub geogr. Polska.
nazwa jednostki podrzędnej Urząd Bezpieczeństwa
określnik rzeczowy funkcjonariusze
określnik formy spisy.
źródło hasła kaba
9 (RLIN) 23845
610 27 - Hasło przedmiotowe-nazwa ciała zbior.
nazwa ciała zbior. lub geogr. Powiat Dębicki (Polska).
nazwa jednostki podrzędnej Powiatowy Urząd Bezpieczeństwa Publicznego.
źródło hasła kaba
9 (RLIN) 41013
648 #7 - SUBJECT ADDED ENTRY--CHRONOLOGICAL TERM
Chronological term 1901-2000
Source of heading or term DBN
9 (RLIN) 34996
648 #7 - SUBJECT ADDED ENTRY--CHRONOLOGICAL TERM
Chronological term 1939-1945
Source of heading or term DBN
9 (RLIN) 36042
648 #7 - SUBJECT ADDED ENTRY--CHRONOLOGICAL TERM
Chronological term 1945-1989
Source of heading or term DBN
9 (RLIN) 36043
650 #7 - Hasło przedmiotowe-nazwa pospolita
nazwa pospolita lub geogr. Inwigilacja
źródło hasła DBN
9 (RLIN) 39780
650 #7 - Hasło przedmiotowe-nazwa pospolita
nazwa pospolita lub geogr. Służba bezpieczeństwa
źródło hasła DBN
9 (RLIN) 36912
650 #7 - Hasło przedmiotowe-nazwa pospolita
nazwa pospolita lub geogr. Stalinizm
źródło hasła DBN
9 (RLIN) 35085
650 #7 - Hasło przedmiotowe-nazwa pospolita
nazwa pospolita lub geogr. Represje polityczne
określnik geograficzny Polska
-- Dębica (województwo podkarpackie; region)
określnik chronologiczny 1945-1970.
źródło hasła kaba
9 (RLIN) 41014
651 #7 - Hasło przedmiotowe-nazwa geogr.
nazwa geograficzna Dębica (woj. podkarpackie)
źródło hasła DBN
9 (RLIN) 41015
651 #7 - Hasło przedmiotowe-nazwa geogr.
nazwa geograficzna Dębica (woj. podkarpackie ; okolice)
źródło hasła DBN
9 (RLIN) 41016
651 #7 - Hasło przedmiotowe-nazwa geogr.
nazwa geograficzna Powiat dębicki (1945-1975)
źródło hasła DBN
9 (RLIN) 41017
651 #7 - Hasło przedmiotowe-nazwa geogr.
nazwa geograficzna Polska
określnik chronologiczny 1944-1956 (Okres stalinizmu).
źródło hasła kaba
9 (RLIN) 12867
655 #7 - Termin określający rodzaj/formę
rodzaj/forma Monografia
źródło terminu DBN
9 (RLIN) 35240
658 ## - Nazwa określająca cel programu nauczania
główny cel programu nauczania Bezpieczeństwo i wojskowość
658 ## - Nazwa określająca cel programu nauczania
główny cel programu nauczania Historia
710 2# - Hasło dodatkowe - nazwa ciała zbior.
nazwa ciała zbior. lub nazwa geogr. Instytut Pamięci Narodowej - Komisja Ścigania Zbrodni przeciwko Narodowi Polskiemu.
nazwa jednostki podrzędnej Oddział (Rzeszów).
rodzaj współpracy Wydawca
kod rodzaju współpracy pbl
9 (RLIN) 18362
920 ## - ISBN
ISBN 978-83-8098-953-5 (oprawa twarda) : zł 50,00
942 ## - ADDED ENTRY ELEMENTS (KOHA)
Source of classification or shelving scheme Dewey Decimal Classification
Koha item type pozycje dostępne na miejscu
Egzemplarze
Status wycofania Status zagubienia Klasyfikacja Status uszkodzenia Blokada wypożyczeń Kolekcja Lokalizacja macierzysta Lokalizacja bieżąca Data nabycia Numer akcesji Źródło akcesji Cena Nr inwentarzowy il. wypożyczeń Sygnatura Kod kreskowy Date last seen Price effective from Typ egz.
    Dewey Decimal Classification nieuszkodzona   książka w magazynie Biblioteka Instytutu Północnego w Olsztynie Biblioteka Instytutu Północnego w Olsztynie 30/11/2020 D-36/2020 dar 50.00 59989   59989 IPWK24093 30/04/2026 30/04/2026 pozycje dostępne na miejscu
Biblioteka Instytutu Północnego, ul. Partyzantów 87, 10-402 Olsztyn, email: biblioteka(at)ip.olsztyn.pl